| 000 | 00371nam a2200157Ia 4500 | ||
|---|---|---|---|
| 100 | _aGreenberg/Paul | ||
| 250 | _a3 | ||
| 942 | _cBK | ||
| 366 | _f20 | ||
| 654 | _aCRM | ||
| 245 | _aCRM Customer relationship Management at the speed of light | ||
| 260 |
_bTata Mc Graw hill Ltd. _aNew Delhi _c2004 |
||
| 082 |
_a658.812/GRE _bGRE |
||
| 300 | _a670 | ||
| 546 | _aENGLISH | ||
| 999 |
_c18864 _d18864 |
||